Biblioteca

Deuteronomio (Registro nro. 64345)

Detalles MARC
000 -LÍDER
Campo fijo de descripción fija 01440nam a22003734i 4500
001 - NÚMERO DE CONTROL
Campo de control 182904
003 - IDENTIFICADOR DEL NÚMERO DE CONTROL
Campo de control CO-MdFUSB
005 - FECHA Y HORA DE LA ULTIMA TRANSACCIÓN
control field 20180809104153.0
008 - ELEMENTOS DE LONGITUD FIJA -- INFORMACIÓN GENERAL
Campo fijo de descripción fija -- Información general 840222t1970 sp 00000 spa d
040 ## - FUENTE DE CATALOGACIÓN
Agencia de catalogación original CO-MdFUSB
Idioma de catalogación spa
Agencia que realiza la transcripción CO-MdFUSB
Agencia que realiza la modificación CO-MdFUSBC
Convenciones de la descripción rda
041 ## - CÓDIGO DE IDIOMA
Código de idioma para texto/pista de sonido o título separado spa
082 ## - NÚMERO DE CLASIFICACIÓN DECIMAL DEWEY
Número de la edición del Dewey 23
Número de clasificación 222.1507
Clave de autor-Numero de item B877
100 10 - ASIENTO PRINCIPAL--NOMBRE PERSONAL
Nombre personal Brown, Raymond Edward.
Término relacionador autor
240 ## - TITULO UNIFORME
Título uniforme <a href="The book of Deuteronomy">The book of Deuteronomy</a>
245 00 - TÍTULO
Título del Material Deuteronomio
Mención de responsabilidad, etc. / Raymond E. Brown ; traductor José Antonio Benito, J. S.
264 #1 - PRODUCCIÓN, PUBLICACIÓN, DISTRIBUCIÓN, MANUFACTURA, Y COPYRIGHT
Lugar de producción, publicación, distribución, manufactura España :
Nombre del productor, publicador, distribuidor Salterrae,
Fecha de producción, publicación, distribución, manufactura, o copyright ℗[1970]
264 #4 - PRODUCCIÓN, PUBLICACIÓN, DISTRIBUCIÓN, MANUFACTURA, Y COPYRIGHT
Fecha de producción, publicación, distribución, manufactura, o copyright ©1970
300 ## - DESCRIPCIÓN FÍSICA
Extensión 178 páginas ;
Dimensiones 17 cm.
336 ## - TIPO DE CONTENIDO
Fuente rdacontent
Término de tipo de contenido texto
Código de tipo de contenido txt
337 ## - TIPO DE MEDIO
Fuente rdamedia
Nombre del tipo de medio sin mediación
Código del tipo de medio n
338 ## - TIPO DE SOPORTE
Fuente rdacarrier
Nombre del tipo de soporte volumen
Código Tipo de soporte nc
440 ## - MENCIÓN DE SERIE /ASIENTO SECUNDARIO-- TITULO
Designación numérica/secuencial del volumen 10
490 ## - MENCIÓN DE SERIE
Mención de serie Conoce la biblia : Antiguo Testamento.
505 ## - NOTA DE CONTENIDO
Título Introducción. --
-- Texto y comentario. --
-- Parte primera: primer discurso de Moisés. --
-- Parte segunda: segundo discurso de Moisés. --
-- Parte tercera: tercer discurso de Moisés. --
-- Parte cuarta: apéndices. --
-- La alianza en el Antiguo Testamento. --
-- Temas para repaso y discusión. --
-- Abreviaturas. --
563 ## - NOTA DE ENCUADERNACIÓN
Nota de encuadernación Tapa rústica
630 07 - TITULO UNIFORME
Título uniforme Biblia.
Nombre de parte o sección de la obra Deuteronomio
700 ## - ASIENTO SECUNDARIO - NOMBRE PERSONAL
Nombre personal Benito S.J., José Antonio
Responsabilidad traductor
830 1# - PUNTO DE ACCESO ADICIONAL DE SERIE - TÍTULO UNIFORME
Título uniforme Old Testament Reading Guide
Número de parte o sección de la obra 10
942 ## - TIPO DE MATERIAL (KOHA)
Tipo de Item KOHA Libros General
Existencias
Estado de Material Estado de Perdido Forma de Clasificación Estado de Dañado No para Préstamo Colección Biblioteca de Origen Biblioteca Permanente Fecha de Adquisición Total de Préstamos Signatura Topográfica Código de Barras Última vez visto Última vez Préstado Fecha de Remplazo Tipo de Material
    Dewey Decimal Classification     Colección General Biblioteca FUSBC Biblioteca FUSBC 08/08/2018 2 G 222.1507 B877d 15415 09/10/2023 24/08/2019 08/08/2018 Libros General

Biblioteca FUSBC | Teléfono: (57+4) 349 88 10 Ext. 141| WhatsApp (+57) 3005338115 
E-mail: biblioteca@unisbc.edu.co | Calle 76 87-14 Robledo Palenque, Medellín, Colombia

Con tecnología Koha